LEADER 00888nam a2200253 i 4500 001 991003026259707536 005 20021022144917.0 008 960610s1928 it ||| | ita 035 $ab11744078-39ule_inst 035 $aLE021FD224786$9ExL 040 $aDip. SSSC$bita 100 1 $aMonaldi, Gino$0200668 245 12$aI teatri di Roma negli ultimi tre secoli /$cGino Monaldi 260 $aNapoli :$bR. Ricciardi,$c1928 300 $a218 p. ;$c19 cm. 490 0 $aTeatri d'Italia 650 4$aRoma$xTeatri$ySec. 18-20 650 4$aTeatri 907 $a.b11744078$b27-04-17$c24-10-02 912 $a991003026259707536 945 $aLE021FD TI19A39$g1$iLE021FD-2431$lle023$nFondo D'Amico$o-$pE0.00$q-$rn$so $t0$u0$v0$w0$x0$y.i11983942$z24-10-02 996 $aTeatri di Roma negli ultimi tre secoli$9905136 997 $aUNISALENTO 998 $ale021$b10-06-96$cm$da $e-$fita$git $h2$i1 LEADER 02357oam 2200649M 450 001 9910716269503321 005 20250617204127.0 035 $a(CKB)5470000002519428 035 $a(OCoLC)1065761810 035 $a(OCoLC)995470000002519428 035 $a(EXLCZ)995470000002519428 100 $a20071213d1926 ua 0 101 0 $aeng 135 $aurcn||||||||| 181 $ctxt$2rdacontent 182 $cc$2rdamedia 183 $acr$2rdacarrier 200 10$aGroundwater resources of Mississippi by Lloyd W. Stephenson, William N. Logan and Gerald A. Waring, with discussions of the chemical character of the waters by C.S. Howard. [U.S. Geological Survey Water Supply Paper 576.] 210 1$a[Washington, D.C.] :$c[U.S. Government Printing Office],$d1926. 215 $a1 online resource (522 pages) $ccolor maps, illustrations, tables 225 1 $aHouse document / 69th Congress, 1st session. House ;$vno. 70 225 1 $a[United States congressional serial set ] ;$v[serial no. 8624] 300 $aTable of contents, p. III. 300 $aList of illustrations, p. VI. 300 $aIndex, p. 507. 300 $aBatch processed record: Metadata reviewed, not verified. Some fields updated by batch processes. 300 $aFDLP item number not assigned. 606 $aChemistry 606 $aGeological surveys 606 $aGeology 606 $aGroundwater 606 $aAquifers 606 $aSprings 606 $aWater quality 606 $aWells 608 $aLegislative materials.$2lcgft 615 0$aChemistry. 615 0$aGeological surveys. 615 0$aGeology. 615 0$aGroundwater. 615 0$aAquifers. 615 0$aSprings. 615 0$aWater quality. 615 0$aWells. 701 $aHoward$b C. S$01405249 701 $aLogan$b William Newton$0810216 701 $aStephenson$b Lloyd William$01387314 701 $aWaring$b Gerald A$g(Gerald Ashley),$f1883-1971.$01827019 712 02$aGeological Survey (U.S.) 801 0$bWYU 801 1$bWYU 801 2$bOCLCO 801 2$bOCLCQ 906 $aBOOK 912 $a9910716269503321 996 $aGroundwater resources of Mississippi by Lloyd W. Stephenson, William N. Logan and Gerald A. Waring, with discussions of the chemical character of the waters by C.S. Howard.$94395066 997 $aUNINA